Канада и США: тенденции и противоречия партнерства

מידע ביבליוגרפי
מחבר ראשי: Шлихтер А. А. Алексей Артемьевич
מחבר תאגידי: Академия наук СССР (АН СССР) Институт мировой экономики и международных отношений (ИМЭМО)
מחברים אחרים: Шапиро А. И. (редактор)
סיכום:Исключено из фонда НТБ ТПУ
שפה:רוסית
יצא לאור: Москва, Наука, 1988
פורמט: MixedMaterials ספר
KOHA link:https://koha.lib.tpu.ru/cgi-bin/koha/opac-detail.pl?biblionumber=262642

MARC

LEADER 00000nam0a2200000 4500
001 262642
005 20231031222123.0
010 |a 5020107131 
035 |a (RuTPU)RU\TPU\book\285625 
090 |a 262642 
100 |a 20140603d1988 k y0rusy50 ca 
101 0 |a rus 
102 |a RU 
105 |a y z 001zy 
200 1 |a Канада и США: тенденции и противоречия партнерства  |f А. А. Шлихтер  |g Академия наук СССР (АН СССР), Институт мировой экономики и международных отношений (ИМЭМО) ; под ред. А. И. Шапиро 
210 |a Москва  |c Наука  |d 1988 
215 |a 175 с. 
333 |a Исключено из фонда НТБ ТПУ 
700 1 |a Шлихтер  |b А. А.  |g Алексей Артемьевич 
702 1 |a Шапиро  |b А. И.  |4 340 
712 0 2 |a Академия наук СССР (АН СССР)  |b Институт мировой экономики и международных отношений (ИМЭМО)  |c (Москва) 
801 1 |a RU  |b 63413507  |c 20140603 
801 2 |a RU  |b 63413507  |c 20220314  |g RCR 
942 |c BK